| 000 | 00448nam a22001697a 4500 | ||
|---|---|---|---|
| 003 | CEME | ||
| 005 | 20210628205415.0 | ||
| 008 | 210315b xxu||||| |||| 00| 0 eng d | ||
| 020 | _a0-412-62090-1 | ||
| 040 | _c. | ||
| 082 | _a370 INF'B | ||
| 100 |
_aTelem, Moshe Gev, Yaffa Barta, Ben-Zion _975414 |
||
| 245 | _aInformation technology in educational management | ||
| 260 |
_aLONDON _bCHAPMAN & HALL _c1995 |
||
| 300 | _a248P | ||
| 942 |
_cBK _2ddc |
||
| 999 |
_c580832 _d580832 |
||